[Event "Titled Tuesday intern op 04th Oct Late"]
[Site "Chess.com INT"]
[Date "2022.10.04"]
[Round "10"]
[White "Kaufman, Raymond"]
[Black "Torres Bosch, Jose Francisco"]
[Result "1-0"]
[WhiteElo "2202"]
[BlackElo "2173"]
[PlyCount "45"]
[GameId "1834363237015552"]
[EventDate "2022.10.04"]
[EventType "swiss (blitz)"]
[EventRounds "11"]
[EventCountry "USA"]
[SourceTitle "EXT 2023"]
[Source "ChessBase"]
[SourceDate "2022.10.05"]
[SourceVersion "1"]
[SourceVersionDate "2022.10.05"]
[SourceQuality "1"]

1. d4 Nf6 2. c4 e6 3. g3 Bb4+ 4. Nd2 c5 5. Ngf3 cxd4 6. a3 Bxd2+ 7. Qxd2 d5 8. cxd5 e5 9. Nxe5 Qxd5 10. Nf3 Nc6 11. Bg2 O-O 12. O-O Bf5 13. b4 Be4 14. Bb2 a5 15. Rfd1 Rfd8 16. Nh4 b5 17. Rac1 axb4 18. axb4 Ra4 19. Rc5 Qb3 20. f3 Bc2 21. Qxc2 Qxc2 22. Rxc2 Nxb4 23. Rxd4 1-0

[Event "Titled Tuesday intern op 04th Oct Late"]
[Site "Chess.com INT"]
[Date "2022.10.04"]
[Round "11"]
[White "Matveeva, Olga"]
[Black "Kaufman, Raymond"]
[Result "1-0"]
[WhiteElo "2111"]
[BlackElo "2202"]
[PlyCount "41"]
[GameId "1834363248533504"]
[EventDate "2022.10.04"]
[EventType "swiss (blitz)"]
[EventRounds "11"]
[EventCountry "USA"]
[SourceTitle "EXT 2023"]
[Source "ChessBase"]
[SourceDate "2022.10.05"]
[SourceVersion "1"]
[SourceVersionDate "2022.10.05"]
[SourceQuality "1"]

1. e4 e6 2. d4 d5 3. Nd2 c5 4. Ngf3 cxd4 5. exd5 Qxd5 6. Bc4 Qd8 7. O-O Nf6 8. Nb3 Nc6 9. Nbxd4 Nxd4 10. Nxd4 a6 11. c3 Bd6 12. Bd3 h6 13. Re1 O-O 14. Qf3 e5 15. Nf5 e4 16. Bxe4 Nxe4 17. Rxe4 Bxf5 18. Qxf5 Qc7 19. g3 g6 20. Qf6 Kh7 21. Bxh6 1-0

[Event "Chesterfield SPICE Cup op"]
[Site "Chesterfield"]
[Date "2022.12.19"]
[Round "3"]
[White "Kaufman, Raymond"]
[Black "Javidfard, Amirsalar"]
[Result "1-0"]
[WhiteElo "2174"]
[BlackElo "2000"]
[PlyCount "57"]
[GameId "1862275353579520"]
[EventDate "2022.12.18"]
[EventType "swiss"]
[EventRounds "9"]
[EventCountry "USA"]
[SourceTitle "CBM 212 Extra"]
[Source "ChessBase"]
[SourceDate "2023.03.31"]
[SourceVersion "1"]
[SourceVersionDate "2023.03.31"]
[SourceQuality "1"]

1. e4 c5 2. Nf3 e6 3. d4 cxd4 4. Nxd4 Nf6 5. Nc3 Bb4 6. e5 Ne4 7. Qg4 Nxc3 8. a3 Bf8 9. bxc3 Qa5 10. Qg3 d6 11. Nb5 d5 12. Bd2 Qd8 13. Bd3 a6 14. Nd6+ Bxd6 15. Qxg7 Bxe5 16. Qxe5 f6 17. Qh5+ Ke7 18. O-O Nc6 19. Rfe1 e5 20. Rab1 Kd6 21. Be3 b5 22. a4 bxa4 23. Bb6 Qe8 24. Qh4 Qe6 25. f4 Bd7 26. fxe5+ fxe5 27. c4 Qe7 28. c5+ Ke6 29. Qg4+ 1-0

[Event "North American op 32nd"]
[Site "Las Vegas"]
[Date "2022.12.27"]
[Round "4"]
[White "Kaufman, Raymond"]
[Black "Xu, Arthur Zihan"]
[Result "0-1"]
[WhiteElo "2174"]
[BlackElo "2053"]
[PlyCount "114"]
[GameId "1864816595914752"]
[EventDate "2022.12.26"]
[EventType "swiss"]
[EventRounds "9"]
[EventCountry "USA"]
[SourceTitle "CBM 211 Extra"]
[Source "ChessBase"]
[SourceDate "2023.01.31"]
[SourceVersion "1"]
[SourceVersionDate "2023.01.31"]
[SourceQuality "1"]

1. d4 d5 2. c4 e6 3. Nc3 Nf6 4. cxd5 exd5 5. Bg5 Be7 6. e3 c6 7. Bd3 Nbd7 8. Qc2 Nh5 9. Bxe7 Qxe7 10. O-O-O Nb6 11. h3 g6 12. Nf3 Be6 13. Kb1 Nf6 14. Ne2 O-O-O 15. Ne5 Ne4 16. Bxe4 dxe4 17. Nf4 Rhe8 18. Rc1 f6 19. Nxe6 Qxe6 20. Nc4 Nxc4 21. Qxc4 Rd5 22. Qa4 Kb8 23. Rc3 Qd6 24. Ra3 a6 25. g4 h5 26. Rb3 Ka7 27. Qc4 Rh8 28. Rg1 hxg4 29. hxg4 Rh2 30. Qf1 Rg5 31. Rc3 Qe6 32. f3 exf3 33. Qxf3 Rh4 34. Rf1 Rhxg4 35. Qxf6 Qe4+ 36. Ka1 Rg1 37. Qf8 Qg2 38. Rcc1 Rb5 39. b3 Ra5 40. a4 Rxf1 41. Rxf1 Qd2 42. Qf2 Qc3+ 43. Ka2 Rf5 44. Qe2 Rxf1 45. Qxf1 Qd2+ 46. Ka3 Qxe3 47. Qf6 Qc1+ 48. Ka2 Qc2+ 49. Ka3 Qc1+ 50. Ka2 Qc2+ 51. Ka3 a5 52. Qd8 Qc1+ 53. Ka2 Qd2+ 54. Kb1 g5 55. Qf6 g4 56. Qf5 Qc3 57. Ka2 g3 0-1

[Event "Gulf Coast op 8th"]
[Site "Estero"]
[Date "2023.01.08"]
[Round "5"]
[White "Leon Oquendo, Jorge L"]
[Black "Kaufman, Raymond"]
[Result "1/2-1/2"]
[WhiteElo "2361"]
[BlackElo "2156"]
[PlyCount "148"]
[GameId "1867342220161024"]
[EventDate "2023.01.07"]
[EventType "swiss"]
[EventRounds "5"]
[EventCountry "USA"]
[SourceTitle "CBM 212 Extra"]
[Source "ChessBase"]
[SourceDate "2023.03.31"]
[SourceVersion "1"]
[SourceVersionDate "2023.03.31"]
[SourceQuality "1"]

1. d4 Nf6 2. Nf3 g6 3. c4 Bg7 4. Nc3 d5 5. cxd5 Nxd5 6. Bd2 c5 7. Rc1 Nxc3 8. Bxc3 cxd4 9. Nxd4 O-O 10. e3 Bd7 11. Be2 Nc6 12. Nb3 Bf5 13. O-O Qb6 14. Bxg7 Kxg7 15. Rc5 Rac8 16. Qd2 Rfd8 17. Qc3+ f6 18. Rb5 Qc7 19. Rc1 b6 20. Bf3 Qd7 21. Rd5 Qe8 22. Rxd8 Nxd8 23. Qd2 Rxc1+ 24. Qxc1 e5 25. Qc3 Qd7 26. h3 Nf7 27. Nd2 Ng5 28. Be2 h5 29. Nc4 h4 30. Qb4 Ne4 31. a4 g5 32. Bf3 Nc5 33. a5 Nd3 34. Qc3 b5 35. Nd2 b4 36. Qc4 Be6 37. Qc2 Ne1 38. Qc1 Nxf3+ 39. Nxf3 Bf7 40. Qc5 b3 41. a6 Kg6 42. Kh2 Kg7 43. Qb4 Qc7 44. Qb7 Qd6 45. Kh1 Qd1+ 46. Kh2 Qd6 47. Kg1 Qd1+ 48. Kh2 Qd6 49. Kh1 Qd1+ 50. Ng1 Qc2 51. Qxa7 Qxb2 52. Qb7 Qa1 53. a7 b2 54. a8=Q Qxa8 55. Qxb2 Bd5 56. f3 Bc4 57. f4 Qe4 58. fxg5 fxg5 59. Nf3 Qxe3 60. Qxe5+ Qxe5 61. Nxe5 Be2 62. Ng4 Bxg4 63. hxg4 Kf6 64. g3 hxg3 65. Kg2 Ke5 66. Kxg3 Ke4 67. Kh3 Kf3 68. Kh2 Kxg4 69. Kg2 Kf4 70. Kf2 g4 71. Kg2 g3 72. Kg1 Kf3 73. Kf1 g2+ 74. Kg1 Kg3 1/2-1/2

[Event "Titled Tuesday intern op 28th Feb Early"]
[Site "Chess.com INT"]
[Date "2023.02.28"]
[Round "9"]
[White "Chernov, Mikhail"]
[Black "Kaufman, Raymond"]
[Result "0-1"]
[WhiteElo "2213"]
[BlackElo "2143"]
[PlyCount "110"]
[GameId "1887647057674240"]
[EventDate "2023.02.28"]
[EventType "swiss (blitz)"]
[EventRounds "11"]
[EventCountry "USA"]
[SourceTitle "CBM 213 Extra"]
[Source "ChessBase"]
[SourceDate "2023.05.31"]
[SourceVersion "1"]
[SourceVersionDate "2023.05.31"]
[SourceQuality "1"]

1. e4 e5 2. Nc3 Nc6 3. Bc4 Nf6 4. d3 Bb4 5. Nge2 Na5 6. Bb3 c6 7. O-O d5 8. exd5 Nxb3 9. axb3 Nxd5 10. Nxd5 cxd5 11. d4 e4 12. f3 O-O 13. fxe4 dxe4 14. Bf4 Bg4 15. h3 Bxe2 16. Qxe2 Qxd4+ 17. Kh1 Qxb2 18. Qxe4 Bc5 19. Be5 Rfe8 20. Rae1 Qa3 21. Qg4 Bf8 22. Rxf7 Rxe5 23. Qc4 Rxe1+ 24. Rf1+ Kh8 25. Rxe1 h6 26. Qf7 Qd6 27. Qxb7 Rd8 28. Qxa7 Qg3 29. Qe3 Qxe3 30. Rxe3 Rd1+ 31. Kh2 Bd6+ 32. g3 Rd2+ 33. Kg1 Rxc2 34. Kf1 Rb2 35. g4 Bf4 36. Rd3 g5 37. Ke1 Kg7 38. Kd1 Kf6 39. Rf3 Ke5 40. Rc3 Kd4 41. Rc4+ Kd3 42. Ke1 Be3 43. Kf1 Rf2+ 44. Ke1 Re2+ 45. Kf1 Rb2 46. Rc6 Rxb3 47. Rxh6 Bf4 48. Re6 Rb1+ 49. Kg2 Rb2+ 50. Kf3 Rh2 51. Rh6 Bd2 52. h4 gxh4 53. Rd6+ Kc4 54. g5 Bxg5 55. Kg4 h3 0-1

[Event "Titled Tuesday intern op 21st Mar Early"]
[Site "Chess.com INT"]
[Date "2023.03.21"]
[Round "11"]
[White "Costachi, Mihnea"]
[Black "Kaufman, Raymond"]
[Result "0-1"]
[WhiteElo "2476"]
[BlackElo "2143"]
[PlyCount "44"]
[GameId "1895257582030848"]
[EventDate "2023.03.21"]
[EventType "swiss (blitz)"]
[EventRounds "11"]
[EventCountry "USA"]
[SourceTitle "EXT 2024"]
[Source "ChessBase"]
[SourceDate "2023.10.10"]
[SourceVersion "1"]
[SourceVersionDate "2023.10.10"]
[SourceQuality "1"]

1. e4 e5 2. f4 d5 3. exd5 exf4 4. d4 Qxd5 5. Bxf4 Nf6 6. Nc3 Bb4 7. Qf3 Qxd4 8. Bb5+ c6 9. Nge2 Qb6 10. Bd3 Bg4 11. Qg3 O-O 12. Be5 Nbd7 13. h3 Bxe2 14. Bxf6 Nxf6 15. Bxe2 Rfe8 16. Rf1 Ne4 17. Qf3 Bxc3+ 18. bxc3 Qb2 19. Qxf7+ Kh8 20. Bc4 Qxc3+ 21. Ke2 Ng3+ 22. Kf2 Qe3# 0-1

[Event "Reykjavik op"]
[Site "Reykjavik"]
[Date "2023.04.04"]
[Round "9"]
[White "Kristinsson, Ogmundur"]
[Black "Kaufman, Raymond"]
[Result "0-1"]
[WhiteElo "1937"]
[BlackElo "2143"]
[PlyCount "84"]
[GameId "1900292479361024"]
[EventDate "2023.03.29"]
[EventType "swiss"]
[EventRounds "9"]
[EventCountry "ISL"]
[SourceTitle "EXT 2024"]
[Source "ChessBase"]
[SourceDate "2023.10.10"]
[SourceVersion "1"]
[SourceVersionDate "2023.10.10"]
[SourceQuality "1"]

1. c4 Nf6 2. Nc3 g6 3. Nf3 Bg7 4. g3 O-O 5. Bg2 e6 6. O-O d5 7. d4 Nbd7 8. b3 Ne4 9. Bb2 Nxc3 10. Bxc3 dxc4 11. bxc4 c5 12. e3 Qc7 13. Qb3 cxd4 14. exd4 b6 15. Rac1 Bb7 16. Rfd1 Rac8 17. Nd2 Bxg2 18. Kxg2 Qb7+ 19. f3 Nf6 20. Nf1 Rfd8 21. Be1 h5 22. h3 Rd7 23. Bf2 Rdc7 24. c5 h4 25. g4 Nd5 26. Rb1 Nf4+ 27. Kh2 g5 28. Qe3 Qd5 29. Bxh4 bxc5 30. dxc5 Qxa2+ 31. Qf2 Qxf2+ 32. Bxf2 Be5 33. Bd4 Bxd4 34. Rxd4 Rxc5 35. Ne3 Rc3 36. Re1 Ra3 37. h4 Ra2+ 38. Kh1 Ne2 39. Rc4 Ng3+ 40. Kg1 Rxc4 41. Nxc4 gxh4 42. Ne3 h3 0-1

[Event "American Continental 17th"]
[Site "Juan Dolio"]
[Date "2023.05.18"]
[Round "5"]
[White "Arenas Vanegas, David"]
[Black "Kaufman, Raymond"]
[Result "0-1"]
[WhiteElo "2426"]
[BlackElo "2158"]
[PlyCount "103"]
[GameId "1915535503212544"]
[EventDate "2023.05.15"]
[EventType "swiss"]
[EventRounds "11"]
[EventCountry "DOM"]
[SourceTitle "CBM 214 Extra"]
[Source "ChessBase"]
[SourceDate "2023.07.31"]
[SourceVersion "1"]
[SourceVersionDate "2023.07.31"]
[SourceQuality "1"]

1. d4 Nf6 2. c4 g6 3. Nc3 d5 4. e3 Bg7 5. cxd5 Nxd5 6. Nxd5 Qxd5 7. Ne2 O-O 8. Nc3 Qd8 9. Be2 c5 10. d5 e6 11. e4 exd5 12. exd5 Re8 13. O-O a6 14. Be3 Qd6 15. Bf3 Bf5 16. Rc1 Nd7 17. g4 Bxc3 18. Rxc3 Be4 19. Bxe4 Rxe4 20. f3 Re7 21. Bf2 Rae8 22. Bg3 Qf6 23. d6 Re2 24. Rc2 Rxc2 25. Qxc2 Re3 26. Qa4 Qe6 27. Rf2 Re1+ 28. Kg2 Nb6 29. Qa5 Nc4 30. Qd8+ Kg7 31. Bf4 Ne3+ 32. Kh3 h5 33. Qg5 Nd5 34. Rd2 hxg4+ 35. Kh4 Nf6 36. fxg4 Rg1 37. Bg3 Kh7 38. Re2 Qxe2 39. Qxf6 Qe6 40. Qe7 Rd1 41. Be5 Rd5 42. Bf4 Rd4 43. Qxe6 fxe6 44. Kg5 Kg8 45. Be5 Kf7 46. h4 Rd5 47. Kf4 g5+ 48. hxg5 Kg6 49. a4 b5 50. axb5 axb5 51. b3 b4 52. Ke4 0-1

[Event "American Continental 17th"]
[Site "Juan Dolio"]
[Date "2023.05.19"]
[Round "6"]
[White "Escalante Ramirez, Brian Sebastian"]
[Black "Kaufman, Raymond"]
[Result "1-0"]
[WhiteElo "2489"]
[BlackElo "2158"]
[PlyCount "70"]
[GameId "1915535503278080"]
[EventDate "2023.05.15"]
[EventType "swiss"]
[EventRounds "11"]
[EventCountry "DOM"]
[SourceTitle "CBM 214 Extra"]
[Source "ChessBase"]
[SourceDate "2023.07.31"]
[SourceVersion "1"]
[SourceVersionDate "2023.07.31"]
[SourceQuality "1"]

1. e4 e6 2. b3 d5 3. Bb2 Nf6 4. e5 Nfd7 5. d4 c5 6. c3 Be7 7. Bd3 Nc6 8. Nd2 O-O 9. Ne2 b6 10. O-O cxd4 11. cxd4 Nb4 12. Bb1 Ba6 13. Nf3 Rc8 14. a3 Nc6 15. Re1 Kh8 16. h3 Rg8 17. Ng3 g5 18. Nh2 Nf8 19. Ng4 Ng6 20. Nh6 Rf8 21. Nh5 Rc7 22. g3 f5 23. exf6 Bxf6 24. Rxe6 Bc8 25. Rxf6 Rxf6 26. Nxf6 Qxf6 27. Ng4 Bxg4 28. hxg4 Rf7 29. Qd2 Na5 30. Bc2 Qf3 31. Bd1 Qe4 32. Rc1 Kg7 33. Rc3 Qb1 34. f3 h6 35. Rc1 Nxb3 1-0

[Event "American Continental 17th"]
[Site "Juan Dolio"]
[Date "2023.05.20"]
[Round "8"]
[White "Ghazarian, Kirk Vagho"]
[Black "Kaufman, Raymond"]
[Result "1-0"]
[WhiteElo "2475"]
[BlackElo "2158"]
[PlyCount "85"]
[GameId "1915535503482880"]
[EventDate "2023.05.15"]
[EventType "swiss"]
[EventRounds "11"]
[EventCountry "DOM"]
[SourceTitle "CBM 214 Extra"]
[Source "ChessBase"]
[SourceDate "2023.07.31"]
[SourceVersion "1"]
[SourceVersionDate "2023.07.31"]
[SourceQuality "1"]

1. Nf3 d5 2. d4 c5 3. c4 cxd4 4. cxd5 Qa5+ 5. Qd2 Qxd5 6. Nc3 Qa5 7. Nxd4 Nf6 8. g3 e5 9. Nb3 Qb6 10. Bg2 Nc6 11. O-O Be6 12. Qe3 Bb4 13. Bxc6+ Qxc6 14. Qxe5 Bxc3 15. Qxc3 Qxc3 16. bxc3 Ne4 17. f3 Nxc3 18. Bb2 Nxa2 19. Nc5 Bc4 20. Bxg7 Rg8 21. Nxb7 Ke7 22. Bd4 a5 23. Bc5+ Kd7 24. Ba3 Nc3 25. Nd6 Bxe2 26. Rfe1 Rgb8 27. Nxf7 Rb3 28. Ne5+ Ke6 29. Nd3 Kf7 30. Nc1 Rb1 31. Nxe2 Nxe2+ 32. Kf2 Rxa1 33. Rxa1 Nd4 34. Bb2 Nc2 35. Ra4 Nb4 36. Bc3 Nc6 37. Rh4 Kg6 38. Rg4+ Kf5 39. Re4 h5 40. h3 a4 41. g4+ hxg4 42. hxg4+ Kg5 43. Re6 1-0

[Event "Carlos Torre Memorial op 33rd"]
[Site "Merida"]
[Date "2023.12.15"]
[Round "1"]
[White "Kaufman, Raymond"]
[Black "Berdayes Ason, Dylan Isidro"]
[Result "0-1"]
[WhiteElo "2153"]
[BlackElo "2509"]
[PlyCount "122"]
[GameId "1991661351415808"]
[EventDate "2023.12.15"]
[EventType "swiss"]
[EventRounds "9"]
[EventCountry "MEX"]
[SourceTitle "CBM 217 Extra"]
[Source "ChessBase"]
[SourceDate "2024.01.31"]
[SourceVersion "1"]
[SourceVersionDate "2024.01.31"]
[SourceQuality "1"]

1. d4 Nf6 2. Nf3 d5 3. c4 e6 4. Nc3 Bb4 5. cxd5 exd5 6. Bg5 h6 7. Bxf6 Qxf6 8. Rc1 c6 9. a3 Bxc3+ 10. Rxc3 O-O 11. Ne5 Na6 12. e3 Nc7 13. Be2 Bf5 14. O-O Qe7 15. Bd3 Bxd3 16. Qxd3 Nb5 17. Rc2 Nd6 18. f3 Rfe8 19. Re2 Rad8 20. e4 dxe4 21. fxe4 c5 22. Ng4 Nxe4 23. d5 h5 24. Rfe1 f5 25. Nf2 Qf7 26. Nxe4 fxe4 27. Rxe4 Rxe4 28. Rxe4 Rxd5 29. Re8+ Qxe8 30. Qxd5+ Kh7 31. Kf2 b6 32. h4 Qg6 33. b3 Qf6+ 34. Kg3 Kg6 35. Qe4+ Qf5 36. Qe8+ Kh7 37. Kh2 Qf4+ 38. g3 Qf2+ 39. Kh1 Qf5 40. Kh2 Qd5 41. a4 Qf3 42. Qe6 Qf2+ 43. Kh3 Qf6 44. Qe4+ g6 45. Qb7+ Kh6 46. Qb8 Qg7 47. Qd8 Kh7 48. Qd5 Qe7 49. Kg2 Kg7 50. Qf3 Qf7 51. Qe3 Qd5+ 52. Kh2 Kf7 53. Qf4+ Ke6 54. Qb8 Qd2+ 55. Kg1 Qd7 56. Qg8+ Kf5 57. Kg2 Qe6 58. Qb8 Qe4+ 59. Kh2 Kg4 60. Qxa7 Qe2+ 61. Kg1 Qe1+ 0-1

[Event "Carlos Torre Memorial op 33rd"]
[Site "Merida"]
[Date "2023.12.15"]
[Round "2"]
[White "Vega Lezama, Maximo Fernando"]
[Black "Kaufman, Raymond"]
[Result "0-1"]
[WhiteElo "1845"]
[BlackElo "2153"]
[PlyCount "63"]
[GameId "1991661351641088"]
[EventDate "2023.12.15"]
[EventType "swiss"]
[EventRounds "9"]
[EventCountry "MEX"]
[SourceTitle "CBM 217 Extra"]
[Source "ChessBase"]
[SourceDate "2024.01.31"]
[SourceVersion "1"]
[SourceVersionDate "2024.01.31"]
[SourceQuality "1"]

1. Nf3 c5 2. c4 Nc6 3. b3 e5 4. Nc3 g6 5. Bb2 Bg7 6. Qb1 Nge7 7. g3 d6 8. Bg2 O-O 9. O-O h6 10. d3 Be6 11. e3 f5 12. Ne2 d5 13. cxd5 Bxd5 14. Rd1 Qe8 15. Nc3 Be6 16. Nb5 Qd7 17. Na3 Rad8 18. Qc2 b6 19. Nc4 Qc7 20. Rac1 g5 21. Qb1 Qb8 22. Qa1 Rd5 23. Ne1 Rd7 24. Nf3 Bxc4 25. dxc4 Rfd8 26. Ne1 Rxd1 27. Rxd1 Rxd1 28. Qxd1 e4 29. Bxg7 Kxg7 30. g4 Qe5 31. gxf5 Nxf5 32. Nc2 0-1

[Event "Carlos Torre Memorial op 33rd"]
[Site "Merida"]
[Date "2023.12.16"]
[Round "3"]
[White "Kaufman, Raymond"]
[Black "Frometa Castillo, Zirka"]
[Result "1-0"]
[WhiteElo "2153"]
[BlackElo "1896"]
[PlyCount "71"]
[GameId "1991661351780352"]
[EventDate "2023.12.15"]
[EventType "swiss"]
[EventRounds "9"]
[EventCountry "MEX"]
[SourceTitle "CBM 217 Extra"]
[Source "ChessBase"]
[SourceDate "2024.01.31"]
[SourceVersion "1"]
[SourceVersionDate "2024.01.31"]
[SourceQuality "1"]

1. d4 d5 2. c4 e6 3. Nc3 f5 4. Bf4 c6 5. e3 Nf6 6. h3 Be7 7. Nf3 O-O 8. Bd3 dxc4 9. Bxc4 b5 10. Bb3 a5 11. a4 b4 12. Ne2 Nd5 13. Rc1 Bd7 14. Bh2 Kh8 15. Nf4 g5 16. Nd3 Be8 17. Nc5 Bxc5 18. dxc5 Bh5 19. Bd6 Re8 20. Qd4+ Kg8 21. Ne5 Qc8 22. g4 Bg6 23. gxf5 Bxf5 24. e4 Nd7 25. exf5 Nxe5 26. Bxe5 exf5 27. Kf1 Qe6 28. Re1 Rad8 29. Kg2 h6 30. Bd6 Nf4+ 31. Qxf4 Qxb3 32. Qxf5 Rxe1 33. Qg6+ Kh8 34. Qxh6+ Kg8 35. Qxg5+ Kh7 36. Qh5+ 1-0

[Event "Carlos Torre Memorial op 33rd"]
[Site "Merida"]
[Date "2023.12.16"]
[Round "4"]
[White "Barrientos Chavarriaga, Sergio E"]
[Black "Kaufman, Raymond"]
[Result "0-1"]
[WhiteElo "2441"]
[BlackElo "2153"]
[PlyCount "46"]
[GameId "1991661351862272"]
[EventDate "2023.12.15"]
[EventType "swiss"]
[EventRounds "9"]
[EventCountry "MEX"]
[SourceTitle "CBM 217 Extra"]
[Source "ChessBase"]
[SourceDate "2024.01.31"]
[SourceVersion "1"]
[SourceVersionDate "2024.01.31"]
[SourceQuality "1"]

1. d4 Nf6 2. c4 e6 3. Nc3 Bb4 4. Qc2 O-O 5. e4 d5 6. e5 Ne4 7. Bd3 c5 8. Nf3 cxd4 9. Nxd4 Bxc3+ 10. bxc3 Nd7 11. Bf4 Qh4 12. g3 Qh5 13. h4 f6 14. cxd5 exd5 15. Be2 Qe8 16. e6 Ne5 17. c4 Bxe6 18. Nxe6 Qxe6 19. cxd5 Qxd5 20. f3 Qd4 21. Bxe5 Qf2+ 22. Kd1 Rfd8+ 23. Kc1 Qe3+ 0-1

[Event "Carlos Torre Memorial op 33rd"]
[Site "Merida"]
[Date "2023.12.17"]
[Round "6"]
[White "Galaviz Medina, Sion Radamantys"]
[Black "Kaufman, Raymond"]
[Result "1-0"]
[WhiteElo "2454"]
[BlackElo "2153"]
[PlyCount "47"]
[GameId "1991661352136704"]
[EventDate "2023.12.15"]
[EventType "swiss"]
[EventRounds "9"]
[EventCountry "MEX"]
[SourceTitle "CBM 217 Extra"]
[Source "ChessBase"]
[SourceDate "2024.01.31"]
[SourceVersion "1"]
[SourceVersionDate "2024.01.31"]
[SourceQuality "1"]

1. d4 Nf6 2. c4 e6 3. Nc3 Bb4 4. e3 O-O 5. Bd3 d5 6. cxd5 exd5 7. a3 Bxc3+ 8. bxc3 b6 9. Ne2 Ba6 10. O-O Bxd3 11. Qxd3 Nc6 12. f3 Re8 13. Ng3 h5 14. Ra2 Na5 15. Re2 Nb3 16. Bb2 c5 17. e4 h4 18. Nf5 dxe4 19. fxe4 cxd4 20. e5 dxc3 21. Qxc3 Qd5 22. Re3 Nd2 23. exf6 Nxf1 24. Ne7+ 1-0

[Event "Isle of Wight op"]
[Site "Ryde ENG"]
[Date "2025.02.18"]
[Round "1"]
[White "Kaufman, Raymond"]
[Black "Schell, Finn"]
[Result "1-0"]
[WhiteElo "2178"]
[BlackElo "1887"]
[PlyCount "124"]
[GameId "524236516907"]
[EventDate "2025.02.18"]
[EventType "swiss"]
[EventRounds "9"]
[EventCountry "ENG"]
[SourceTitle "Mega2025 Update 17"]
[Source "Chessbase"]
[SourceDate "2025.02.28"]
[SourceVersion "1"]
[SourceVersionDate "2025.02.28"]
[SourceQuality "1"]

1. e4 c6 2. d4 d5 3. e5 c5 4. Nf3 cxd4 5. Nxd4 Nc6 6. Nxc6 bxc6 7. Bd3 a5 8. O-O e6 9. Qe2 Bc5 10. Nd2 Ne7 11. Kh1 Ng6 12. f4 a4 13. Nf3 Qb6 14. Ng5 Ne7 15. Qh5 g6 16. Qh6 Nf5 17. Bxf5 Bf8 18. Qh4 exf5 19. Nxh7 Bg7 20. Nf6+ Kf8 21. Qg5 Qd8 22. Nh7+ Ke8 23. Qxd8+ Kxd8 24. Ng5 Ke8 25. Be3 f6 26. Nf3 fxe5 27. fxe5 Be6 28. Bc5 Bf8 29. Bd6 Kd7 30. Rae1 c5 31. Ng5 Rh5 32. Nh3 g5 33. Bxf8 Rxf8 34. Kg1 f4 35. Nf2 Bf5 36. g4 fxg3 37. hxg3 Rhh8 38. g4 Be6 39. Nd3 Rc8 40. Rf6 c4 41. Nb4 Rcf8 42. Rxf8 Rxf8 43. Rd1 Rf4 44. Nxd5 Rxg4+ 45. Kf2 Bxd5 46. Rxd5+ Ke6 47. Ra5 Rh4 48. Kg3 Re4 49. Rxa4 Kf5 50. b3 g4 51. Rxc4 Re3+ 52. Kf2 Rxe5 53. b4 Re8 54. b5 Kg5 55. Rc7 Kf4 56. Rf7+ Ke5 57. Kg3 Rc8 58. Kxg4 Rc4+ 59. Kf3 Kd6 60. Rf6+ Kd7 61. Rc6 Ra4 62. c4 Rxa2 1-0

[Event "Isle of Wight op"]
[Site "Ryde ENG"]
[Date "2025.02.18"]
[Round "2"]
[White "Larkin, Vladislav"]
[Black "Kaufman, Raymond"]
[Result "1/2-1/2"]
[WhiteElo "2441"]
[BlackElo "2178"]
[PlyCount "112"]
[GameId "524236516932"]
[EventDate "2025.02.18"]
[EventType "swiss"]
[EventRounds "9"]
[EventCountry "ENG"]
[SourceTitle "Mega2025 Update 17"]
[Source "Chessbase"]
[SourceDate "2025.02.28"]
[SourceVersion "1"]
[SourceVersionDate "2025.02.28"]
[SourceQuality "1"]

1. e4 c5 2. Nf3 Nc6 3. Bb5 g6 4. Bxc6 dxc6 5. h3 Bg7 6. d3 b6 7. Nc3 e5 8. Be3 Qe7 9. O-O Nf6 10. Qd2 h6 11. a3 Nd7 12. Nh2 Nf8 13. f4 exf4 14. Rxf4 Be6 15. b4 g5 16. Rff1 cxb4 17. axb4 Qxb4 18. d4 Nd7 19. Ra4 Qd6 20. d5 Nc5 21. Rc4 Bd7 22. e5 Bxe5 23. Nf3 Bg7 24. Bxc5 bxc5 25. Qe2+ Kf8 26. Ne4 Qe7 27. d6 Qe6 28. Qd3 Qd5 29. Nxc5 Bf5 30. Qxd5 cxd5 31. Rb4 Bc3 32. Rb3 Bf6 33. Ne1 Bd4+ 34. Kh1 Bxc5 35. Rxf5 Bxd6 36. Rb7 Rh7 37. Rxd5 Bg3 38. Nd3 a5 39. Rb3 a4 40. Ra3 Rb8 41. Ra1 f6 42. Nc5 Be5 43. Rf1 Re8 44. Nxa4 Rc7 45. Nc5 Kf7 46. Nd3 Kg6 47. Nxe5+ Rxe5 48. Rd6 Rf5 49. Rxf5 Kxf5 50. Rd2 h5 51. Kg1 g4 52. hxg4+ hxg4 53. Kf2 Rc3 54. g3 Rf3+ 55. Kg2 Rc3 56. Kf2 Rf3+ 1/2-1/2

[Event "Isle of Wight op"]
[Site "Ryde ENG"]
[Date "2025.02.19"]
[Round "3"]
[White "Kaufman, Raymond"]
[Black "Greet, Andrew"]
[Result "1/2-1/2"]
[WhiteElo "2178"]
[BlackElo "2398"]
[PlyCount "89"]
[GameId "524236516998"]
[EventDate "2025.02.18"]
[EventType "swiss"]
[EventRounds "9"]
[EventCountry "ENG"]
[SourceTitle "Mega2025 Update 17"]
[Source "Chessbase"]
[SourceDate "2025.02.28"]
[SourceVersion "1"]
[SourceVersionDate "2025.02.28"]
[SourceQuality "1"]

1. Nf3 e6 2. c4 c5 3. d4 cxd4 4. Nxd4 Nf6 5. Nc3 Bb4 6. Ndb5 O-O 7. a3 Bxc3+ 8. Nxc3 d5 9. e3 Nc6 10. cxd5 exd5 11. Be2 Bf5 12. O-O d4 13. exd4 Nxd4 14. Bg5 h6 15. Bxf6 Qxf6 16. Nd5 Nxe2+ 17. Qxe2 Qe6 18. Qxe6 Bxe6 19. Nc7 Rac8 20. Nxe6 fxe6 21. Rac1 Rfd8 22. g3 a5 23. Kg2 Rxc1 24. Rxc1 Rd5 25. Rc8+ Kh7 26. Rc4 b5 27. Re4 e5 28. Kf3 Kg6 29. Ke3 Kf5 30. f4 h5 31. h3 g6 32. fxe5 Rxe5 33. g4+ hxg4 34. hxg4+ Kf6 35. b4 axb4 36. axb4 Rxe4+ 37. Kxe4 Kg5 38. Kd5 Kxg4 39. Kc5 Kf3 40. Kxb5 g5 41. Kc6 g4 42. b5 g3 43. b6 g2 44. b7 g1=Q 45. b8=Q 1/2-1/2

[Event "Isle of Wight op"]
[Site "Ryde ENG"]
[Date "2025.02.20"]
[Round "4"]
[White "Kaufman, Raymond"]
[Black "Wadsworth, Matthew J"]
[Result "0-1"]
[WhiteElo "2178"]
[BlackElo "2489"]
[PlyCount "58"]
[GameId "2148950852501960"]
[EventDate "2025.02.18"]
[EventType "swiss"]
[EventRounds "9"]
[EventCountry "ENG"]
[SourceTitle "Mega2025 Update 17"]
[Source "Chessbase"]
[SourceDate "2025.02.28"]
[SourceVersion "1"]
[SourceVersionDate "2025.02.28"]
[SourceQuality "1"]

1. d4 d5 2. c4 c6 3. Nf3 Nf6 4. g3 Bf5 5. Nc3 e6 6. Nh4 dxc4 7. Nxf5 exf5 8. e3 Bd6 9. Bxc4 O-O 10. Qf3 g6 11. h3 h5 12. O-O Re8 13. a3 Nbd7 14. Ba2 a5 15. Re1 Qe7 16. Qg2 Kg7 17. Bd2 Ne4 18. Nxe4 fxe4 19. Bc3 Nf6 20. Rac1 b5 21. Bd2 Qd7 22. Rc2 h4 23. gxh4 Rh8 24. Rec1 Rxh4 25. d5 c5 26. Bc3 Qf5 27. Bb1 Rxh3 28. Bxf6+ Kxf6 29. Rd2 Rh4 0-1